Set-Valued Analysis
Αποθηκεύτηκε σε:
| Κύριος συγγραφέας: | |
|---|---|
| Άλλοι συγγραφείς: | |
| Μορφή: | Βιβλίο |
| Γλώσσα: | English |
| Δημοσίευση: |
Boston :
Birkhauser,
1990
|
| Σειρά: | Systems & control ;
; 2 |
| Θέματα: | |
| Ετικέτες: |
Προσθήκη ετικέτας
Δεν υπάρχουν, Καταχωρήστε ετικέτα πρώτοι!
|
MARC
| LEADER | 00000cam a2200000 i 4500 | ||
|---|---|---|---|
| 001 | 1/43673 | ||
| 008 | 941103s1990 eng d | ||
| 020 | |a 0817634789 | ||
| 035 | |l 10042085 | ||
| 035 | |a 1991 |c ΧΑΤΖΗΣΑΒΒΑΣ | ||
| 040 | |a GR-MY-UA |b gre |e aacr | ||
| 041 | 0 | |a eng | |
| 082 | 0 | |a 514.32 |2 (20) | |
| 100 | 1 | |a Aubin, Jean Pierre. | |
| 245 | 1 | 0 | |a Set-Valued Analysis / |c Jean-Pierre Aubin, Helene Frankowska |
| 260 | |a Boston : |b Birkhauser, |c 1990 | ||
| 300 | |a xix, 461 p.; |b ill.; |c 24 cm. | ||
| 490 | 1 | |a Systems & control |v ; 2 | |
| 504 | |a Includes bibliographical references (p. 421-455) and index | ||
| 650 | 0 | 0 | |a Set-valued maps. |
| 650 | 0 | 0 | |a Differential inclusions. |
| 650 | 0 | 0 | |a Topological spaces. |
| 700 | 1 | |a Frankowska, Helene. | |
| 830 | 0 | |a Systems & control ; |v ; 2 | |
| 852 | |a INST |b SAMOS |e 19941103 |h 514.32 AUB |p 005300002986 |q 005300002986 |t BK |y 0 | ||
| 909 | |a Σ |b 021695 | ||